000 00999cam a22002897a 4500
003 CHAP
005 20220329141434.0
008 971013s r 00010 eng d
010 _a68127
011 _a69099
035 _a78573
040 _cCHAP
090 _aR-2693
100 0 0 _aHaines, C. P.
_952251
245 1 0 _aBiological methods for integrated control of insects and mites in tropical stored products
_b: the use of predators and parasites
500 _aSobretiro de : Trop. Stored Produc. Inf. 48: 17 - 25, 1984
590 _aBATCH-UPD
_b10
_c20130110
_lUCH01
_h1734
590 _aBATCH-UPD
_b10
_c20130410
_lUCH01
_h1115
590 _aBATCH-UPD
_b10
_c20130914
_lUCH01
_h1047
590 _aCONVERSION
_b10
_c20130109
_lUCH01
_h1337
650 1 4 _aControl biológico de plagas.
_927587
650 1 4 _aInsectos parásitos y predatores.
_958961
650 1 4 _aProductos agrícolas
_xAlmacenamiento.
_991897
901 _aBK
942 _cREIMP
949 _aR-2693
_bBC
_cR
_d-31447
_eTS1
_i78573
_si
999 _c68127
_d68127